000 00563nam a2200193Ia 4500
003 GCL
008 140319s9999 xx 000 0 ara d
040 _aGCL /
_cGCL
082 0 4 _a813.01
_bى ا
100 1 _aيوسف ادريس
245 1 0 _aالايدز العربى /
_cيوسف ادريس
260 _a[S.N] :
_bدار المستقبل العربى ،
_c1989
300 _a137 ص
490 _a
650 0 4 _aالعالم العربى
650 0 4 _aالاحوال الاجتماعية
650 0 4 _aالاحوال السياسية
942 _2ddc
_cBK
999 _c29985
_d29985